书目信息 |
| 题名: |
通信网理论基础
|
|
| 作者: | 周炯槃 主编 ;张琳 , 禹可 , 刘雨 , 望育梅 编著 | |
| 分册: | ||
| 出版信息: | 北京 人民邮电出版社 2009.10 |
|
| 页数: | 216页 | |
| 开本: | 26cm | |
| 丛书名: | 21世纪高等院校信息与通信工程规划教材 | |
| 单 册: | ||
| 中图分类: | TN915 | |
| 科图分类: | ||
| 主题词: | 通信网--Tong Xin Wang--高等学校--教材 | |
| 电子资源: | ||
| ISBN: | 978-7-115-19758-0 | |
| 000 | 01449nam 2200349 450 | |
| 001 | 0011232717 | |
| 005 | 20100601085149.50 | |
| 010 | @a978-7-115-19758-0@dCNY28.00 | |
| 100 | @a20100515d2009 em y0chiy0110 ea | |
| 101 | 0 | @achi |
| 102 | @aCN@b110000 | |
| 105 | @aa a 000yy | |
| 200 | 1 | @a通信网理论基础@Atong xin wang li lun ji chu@d= Communication networks theory@f周炯槃主编@g张琳 ... [等] 编著@zeng |
| 205 | @a修订版 | |
| 210 | @a北京@c人民邮电出版社@d2009.10 | |
| 215 | @a216页@c图@d26cm | |
| 225 | 2 | @a21世纪高等院校信息与通信工程规划教材@A21 Shi Ji Gao Deng Yuan Xiao Xin Xi Yu Tong Xin Gong Cheng Gui Hua Jiao Cai@i名师名校 |
| 300 | @a普通高等教育“十一五”国家级规划教材 国家级特色专业“通信工程”系列教材 | |
| 304 | @a编著者还有:望育梅、禹可、刘雨 | |
| 320 | @a有书目 (第216页) | |
| 330 | @a本书系统介绍了通信网的理论基础。全书共分为6章,分别介绍了通信网的概念和网络的基本组成,网络的业务分析和排队论原理,多址接入系统分析,通信网结构,通信网中的流量优化,通信网中的可靠性。 | |
| 410 | 0 | @12001 @a21世纪高等院校信息与通信工程规划教材@i名师名校 |
| 510 | 1 | @aCommunication networks theory@zeng |
| 606 | 0 | @a通信网@ATong Xin Wang@x高等学校@j教材 |
| 690 | @aTN915@v4 | |
| 701 | 0 | @a周炯槃@Azhou jiong pan@4主编 |
| 702 | 0 | @a张琳@Azhang lin@4编著 |
| 702 | 0 | @a禹可@Ayu ke@4编著 |
| 702 | 0 | @a刘雨@Aliu yu@4编著 |
| 702 | 0 | @a望育梅@Awang yu mei@4编著 |
| 801 | 0 | @aCN@c20100515 |
| 905 | @dTN915@eZ770=2@f3 | |
| 通信网理论基础= Communication networks theory/周炯槃主编/张琳 ... [等] 编著.-修订版.-北京:人民邮电出版社,2009.10 |
| 216页:图;26cm.-(21世纪高等院校信息与通信工程规划教材.名师名校) |
| 普通高等教育“十一五”国家级规划教材 国家级特色专业“通信工程”系列教材 |
| ISBN 978-7-115-19758-0:CNY28.00 |
| 本书系统介绍了通信网的理论基础。全书共分为6章,分别介绍了通信网的概念和网络的基本组成,网络的业务分析和排队论原理,多址接入系统分析,通信网结构,通信网中的流量优化,通信网中的可靠性。 |
| ● |
| 相关链接 |
|
|
|
正题名:通信网理论基础
索取号:TN915/Z770=2
 
预约/预借
| 序号 | 登录号 | 条形码 | 馆藏地/架位号 | 状态 | 备注 |
| 1 | 985649 | 209856495 | 自科库301/301自科库 38排2列1层/ [索取号:TN915/Z770=2] | 在馆 | |
| 2 | 985650 | 209856501 | 自科库301/301自科库 29排1列2层/ [索取号:TN915/Z770=2] | 在馆 | |
| 3 | 985651 | 209856510 | 自科库301/301自科库 38排2列1层/ [索取号:TN915/Z770=2] | 在馆 |